000 00310nam a22001217a 4500
008 230627b xxu||||| |||| 00| 0 eng d
082 _a338.51
_bLON 1967
100 _cHarold H. Longman
245 _aHow to Cut Office Costs
260 _aIndia
_bJaico Publishing House
_c1967
300 _a300p
942 _2ddc
_cBK
999 _c2934
_d2934